Chansons de Black Sabbath - Mort Subite - Statistiques

Statistiques générales
  • Ce quiz a été pris 43 fois
  • Le résultat moyen est 10 sur 20
Answers on the Grid
Answers color-coded by a green-red scale on the quiz's grid according to % correct below.
A National Acrobat
After Forever
Black Sabbath
Changes
Children Of The Grave
Comfortably Numb
Die Young
Dreams
Electric Funeral
Embryo
End Of The Beginning
Gimme The Prize
Heaven And Hell
In The End
In The Lap Of The Gods
Iron Man
Lady Stardust
Misfire
N.I.B
Neon Knights
Paranoid
Planet Caravan
Rat Salad
Run To The Hills
Sabbath Bloody Sabbath
Stay Away
Sweet Leaf
The Chain
The Show Must Go On
The Wizard
Tie Your Mother Down
Time
War Pigs
 
Statistiques - réponses
Réponse % Correct
Black Sabbath
88%
Children Of The Grave
84%
Heaven And Hell
68%
Paranoid
68%
War Pigs
68%
Iron Man
60%
Electric Funeral
56%
Sabbath Bloody Sabbath
56%
Changes
52%
The Wizard
52%
End Of The Beginning
48%
N.I.B
48%
A National Acrobat
44%
Planet Caravan
40%
Embryo
36%
After Forever
32%
Sweet Leaf
32%
Die Young
28%
Rat Salad
28%
Neon Knights
24%
Aucun quiz correspondant
Distribution des résultats
% des personnes avec chaque résultat
Percentile par nombre de réponses
Votre historique - résultats
Vous n’avez pas pris ce quiz